Andorra in the Eurovision Song Contest - Statistics

General Stats
  • This quiz has been taken 12 times
  • The average score is 3 of 6
Answer Stats
Answer % Correct
Sense tu
91%
Casanova
73%
Salvem el món
64%
Jugarem a estimar-nos
45%
La mirada interior
36%
La teva decisió (Get a Life)
27%
No matching quizzes found
Score Distribution
Percent of People with Each Score
Percentile by Number Answered
Your Score History
You have not taken this quiz